00633nam a2200217Ia 450000500170000000800410001702000150005808200190007324500470009226000560013930000160019565000130021165000120022465000120023665000120024865000190026070000200027994200060029995200950030599900150040020250312064147.0240331s9999 xx 000 0 und d a155786473X a301bSOC22549 0aSocial Theory and the Politics of Identity aMassachusetts;aOxford,bBlackwell Publishersc1994 aix, 350 p., aPolitics aSociety aHistory aMarxism aPsychoanalysis aCalhoun, Ceedt cL 001040708LaWERCLbWERCLcSSCd2024-03-31l0o 301 SOCp2549r2024-03-31w2024-03-31yL c1037d1037